Estímulos y obstáculos a la modernización productiva en el sector autopartista de Córdoba (Registro nro. 23229)

Detalles MARC
000 -LEADER
fixed length control field 00451 a2200133 4500
001 - CONTROL NUMBER
control field ART_10731
005 - DATE AND TIME OF LATEST TRANSACTION
control field 20260410161831.0
008 - FIXED-LENGTH DATA ELEMENTS--GENERAL INFORMATION
fixed length control field 260409a
100 1# - MAIN ENTRY--PERSONAL NAME
Personal name Zavaleta, Leticia
245 10 - TITLE STATEMENT
Title Estímulos y obstáculos a la modernización productiva en el sector autopartista de Córdoba
700 1# - ADDED ENTRY--PERSONAL NAME
Personal name Llinás, Irene
700 1# - ADDED ENTRY--PERSONAL NAME
Personal name Motta, Jorge J.
773 0# - HOST ITEM ENTRY
Title Actualidad Económica
Related parts - Año XVII, Nº 63 (sep./dic. 2007)
Record control number REV5083

No hay ítems disponibles.